000 00399nam a2200121Ia 4500
008 160712s9999 xx 000 0 und d
100 _aPablo, Jose Luis.
245 _cJose Luis Pablo
_aLost Monuments
260 _c2015
_bLikhaan: The Journal of Contemporary Philippine Literature
300 _avol. 9
650 _xPOETRY
856 _uhttp://journals.upd.edu.ph/index.php/lik/issue/view/539/showToc
999 _c297101
_d297101